000 00969nam a2200313 a 4500
001 vtls000185151
003 NLI
005 20210602111210.0
008 101125s1978 ii 001 0 eng
020 _cRs. 20.00
039 9 _y201011252221
_zVLOAD
040 _aNLI
_beng
_cDatasoft 1
_eAACR2
041 0 _aeng
044 _aii
082 0 4 _a335.411
100 1 _aBanerjee, Amritava,
_d1941-
_9358715
245 1 0 _aHistorical materialism and political analysis /
_cAmritava Banerjee
260 _aCalcutta :
_bK. P. Bagchi,
_c1978
300 _a139 p. ;
_c22 cm.
500 _aIncludes index
650 0 _aHistorical materialism
_9178742
650 0 _aPolitical science
_9867
887 _a
901 _aDB34312
_b09.06.1978
902 _aE 335.411 B 223
942 _2ddc
_cBKS
949 _AVIRTUAITEM
_D10000
_X100
_6DBA000034312ENG
999 _aVIRTUA40
_c190452
_d190452
999 _aVTLSSORT0080*0200*0400*0410*0440*0820*1000*2450*2600*3000*5000*6500*6501*9010*9020*9490*9991